000 00290nam a22001337a 4500
008 170228b xxu||||| |||| 00| 0 eng d
020 _a9781881025092
041 _aeng
080 _a616.8 006
100 _a6
101 _aSHM
245 _aTHE CANCER INDUSTRY
_cMOSS.R.W
942 _2udc
_cBK
999 _c6403
_d6403